| 000 | 00408nam a2200181Ia 4500 | ||
|---|---|---|---|
| 001 | 23222 | ||
| 005 | 20260414150923.0 | ||
| 008 | 260414t2019||||xx |||||||||||||| ||spa|| | ||
| 041 | _aESP | ||
| 082 |
_a627 _bN86 |
||
| 100 |
_aNovak, Pavel _eAUT |
||
| 245 | 0 |
_aHydraulic structures _b |
|
| 260 | _c2019 | ||
| 300 |
_a700 páginas : _c23 cm. |
||
| 650 | _a0 | ||
| 654 | _aCIC | ||
| 942 |
_cLIB _dJUS _fJUS _2ddc _n |
||
| 999 |
_c23222 _d23222 |
||